Top 10 najszybszych piłkarzy na Mistrzostwach Europy 2024 - Statystyki

Ogólne statystyki
  • Ten quiz został rozwiązany 97 razy
  • Średni wynik to 3 z 10
Statystyki odpowiedzi
Reprezentacja Prędkość Piłkarz % Poprawnych
Portugalia 36,6 km/h Rafael Leao
66%
Słowenia 37,4 km/h Benjamin Sesko
47%
Portugalia 36,6 km/h Nuno Mendes
41%
Niemcy 37,3 km/h Leroy Sane
37%
Francja 37,1 km/h Theo Hernandez
29%
Dania 36,8 km/h Rasmus Hojlund
26%
Holandia 36,8 km/h Micky van de Ven
25%
Szajcaria 37,1 km/h Dan Ndoye
18%
Portugalia 36,6 km/h Diogo Dalot
9%
Rumunia 37,1 km/h Valentin Mihaila
7%
Nie znaleziono quizów pasujących do podanych kryteriów
Rozkład punktacji
Procent ludzi z każdym wynikiem
Percentyl według liczby udzielonych odpowiedzi
Twoja historia wyników
Nie rozwiązałeś tego quizu